000 00526nam a2200193Ia 4500
005 20250326142855.0
008 250326s9999 xx 000 0 und d
020 _a81-7041-851-8
037 _aTextbook
040 _aFMSL
_beng
_cFMSL
041 _aeng
_2eng
084 _aX.1 N3
_qFMSL
100 _aBhalla V K
245 0 _aInternational economy: Liberalisation process
_cBhalla V K
260 _aNew Delhi
_bNew Delhi, Anmol
_c1993
300 _aix,443
942 _cTB
_hX.1 N3
999 _c1297052
_d1297052